| 000 | 01470nam a2200349Ia 4500 | ||
|---|---|---|---|
| 001 | 9780203103906 | ||
| 003 | BD-DhSAU | ||
| 005 | 20151012151718.0 | ||
| 006 | a|||||s||||||||||| | ||
| 007 | cr|||| | ||
| 008 | 130401s2013 enka sb 001 0 eng d | ||
| 020 | _a9780203103906 (e-book : PDF) | ||
| 040 |
_aBD-DhSAU _cBD-DhSAU |
||
| 090 |
_aHQ755.8 _b.P384 2013 |
||
| 092 |
_a649.1 _bP228 |
||
| 245 | 0 | 0 |
_aParenting in global perspective _h[electronic resource] : _bnegotiating ideologies of kinship, self and politics / _cedited by Charlotte Faircloth, Diane M. Hoffman and Linda L. Layne. |
| 260 |
_aAbingdon, Oxon ; _aNew York, N.Y. : _bRoutledge, _c2013. |
||
| 300 |
_axviii, 255 p. : _bill. |
||
| 490 | 1 | _aRelationships and resources | |
| 504 | _aIncludes bibliographical references and index. | ||
| 505 | 0 | _apt. 1. The moral context for parenting -- pt. 2. The structural constraints to 'good' parenting -- pt. 3. Negotiating parenting culture -- pt. 4. Parenting and/as identity. | |
| 530 | _aAlso available in print edition. | ||
| 538 | _aMode of access: World Wide Web. | ||
| 650 | 0 |
_aParenting _vCross-cultural studies. |
|
| 655 | 7 |
_aElectronic books. _2lcsh |
|
| 700 | 1 | _aFaircloth, Charlotte. | |
| 700 | 1 |
_aHoffman, Diane M., _d1954- |
|
| 700 | 1 | _aLayne, Linda L. | |
| 776 | 1 |
_z9780415624879 (hardback) _z9780203103906 (pbk.) |
|
| 830 | 0 | _aRelationships and resources. | |
| 856 | 4 | 0 | _uhttp://www.tandfebooks.com/isbn/9780203103906 |
| 999 |
_c12403 _d12402 |
||